| 000 | 01022nam a2200217 a 4500 | ||
|---|---|---|---|
| 008 | |||
| 049 | _aMAIN | ||
| 090 | _aQD98.M5 | ||
| 111 | 2 |
_aInternational Symposium on Microchemistry _d(1958 : _cUniversity of Birmingham) |
|
| 245 | 1 | 0 |
_aProceedings of the International Symposium on Microchemistry held at Birmingham University, August 20th to 27th, 1958: _borganized by the Midlands Section and the Microchemistry Group of the Society for Analytical Chemistry, under the patronage of the International Union of Pure and Applied Chemistry. |
| 260 |
_aOxford : _bPublished for the organizers by Symposium Publications Division, Pergamon Press, _c1960. |
||
| 300 |
_axxvi, 583 p. : _bill, diagrs, tables. ; _c26 cm. |
||
| 504 | _aIncludes bibliographical references. | ||
| 650 | 0 |
_aMicrochemistry _vCongresses. |
|
| 650 | 2 | _aMicrochemistry. | |
| 907 |
_a.b10049794 _b17-05-04 _c17-04-03 |
||
| 003 | |||
| 005 | 20230123133222.0 | ||
| 040 | _cNUST | ||
| 942 |
_cBOOKS _kQD98.M5 |
||
| 999 |
_c144804 _d144804 |
||